| Tag |
First Indicator |
Second Indicator |
Subfields |
| LEADER |
00000cam a22000008i 4500 |
| 001 |
in00005776340 |
| 005 |
20260327191532.5 |
| 006 |
m o d |
| 007 |
cr ||||||||||| |
| 008 |
250929s2025 enk o 000 0 eng d |
| 040 |
|
|
|a UKMGB
|b eng
|e rda
|e pn
|c UKMGB
|d OCLCO
|d YDX
|d OPELS
|d UKAHL
|
| 015 |
|
|
|a GBC5C2675
|2 bnb
|
| 016 |
7 |
|
|a 300634733
|2 Uk
|
| 020 |
|
|
|a 9780443336805
|q ePub ebook
|
| 020 |
|
|
|a 0443336806
|q ePub ebook
|
| 020 |
|
|
|z 9780443336799
|
| 024 |
8 |
|
|a CIPO000295787
|
| 035 |
|
|
|a (OCoLC)1547476997
|
| 050 |
|
4 |
|a TP359.B48
|
| 082 |
0 |
4 |
|a 665.776
|2 23
|
| 049 |
|
|
|a TXAM
|
| 245 |
0 |
0 |
|a Biogas :
|b a sustainable approach for renewable energy /
|c edited by William Gustavo Sganzerla.
|
| 264 |
|
1 |
|a Oxford :
|b Woodhead Publishing,
|c 2025.
|
| 300 |
|
|
|a 1 online resource (350 pages).
|
| 336 |
|
|
|a text
|b txt
|2 rdacontent
|
| 337 |
|
|
|a computer
|b c
|2 rdamedia
|
| 338 |
|
|
|a online resource
|b cr
|2 rdacarrier
|
| 490 |
0 |
|
|a Woodhead series in bioenergy
|
| 588 |
|
|
|a Description based on CIP data; resource not viewed.
|
| 650 |
|
0 |
|a Biogas.
|
| 650 |
|
6 |
|a Biogaz.
|
| 650 |
|
7 |
|a Biogas
|2 fast
|
| 655 |
|
7 |
|a Electronic books.
|2 local
|
| 700 |
1 |
|
|a Sganzerla, William Gustavo,
|e editor.
|
| 710 |
2 |
|
|a ScienceDirect (Online service)
|
| 776 |
0 |
8 |
|i Print version :
|z 9780443336799
|
| 856 |
4 |
0 |
|u http://proxy.library.tamu.edu/login?url=https://www.sciencedirect.com/science/book/9780443336799
|z Connect to the full text of this electronic book
|t 0
|
| 955 |
|
|
|a Elsevier ScienceDirect 2026-2027
|
| 994 |
|
|
|a 92
|b TXA
|
| 999 |
f |
f |
|i f3baaf28-8868-4421-a322-5b73116e9ed0
|s 48d54bf9-0136-4f6f-bdfe-54e3aa198c7e
|t 0
|
| 952 |
f |
f |
|a Texas A&M University
|b College Station
|c Electronic Resources
|s www_evans
|d Available Online
|t 0
|e TP359.B48
|h Library of Congress classification
|
| 998 |
f |
f |
|a TP359.B48
|t 0
|l Available Online
|